000 00408cam a22001694a 4500
005 20250605164343.0
008 250528s ||||||||||||||||||||||||d
035 _a23713
040 _aGR-AtMCL
_bgre
_dGR-AtMCL
_eAACR2
245 1 _aConsuming Behavior in Mobile Phones Market
260 _c2009
300 _a69
700 1 _aRoussos Antony
_99269
942 _cDS
999 _c8671
_d8671